[Event "British Columbia-ch U20"]
[Site "New Westminster"]
[Date "2007.11.12"]
[Round "5.4"]
[White "Tom, Foster Dylan"]
[Black "Lai, Jingzhou"]
[Result "1-0"]
[WhiteElo "1559"]
[BlackElo "1616"]
[PlyCount "123"]
[EventDate "2007.11.10"]
[EventType "swiss"]
[EventRounds "5"]
[EventCountry "CAN"]
[SourceTitle "EXT 2022"]
[Source "ChessBase"]
[SourceDate "2021.10.06"]
[SourceVersion "1"]
[SourceVersionDate "2021.10.06"]
[SourceQuality "1"]

1. d4 f5 2. c4 Nf6 3. Nc3 e6 4. Bg5 Be7 5. Nf3 0-0 6. e3 d5 7. Bd3 c6 8. 0-0 Nbd7 9. cxd5 Nxd5 10. Bxe7 Qxe7 11. Qc2 Nb4 12. Qd2 Nxd3 13. Qxd3 Nf6 14. Rac1 Bd7 15. Ne5 Be8 16. Na4 Rd8 17. Qb3 Nd5 18. Nc5 Rf6 19. Qxb7 Qxb7 20. Nxb7 Rb8 21. Nd6 Bh5 22. Rxc6 Rd8 23. Rc8 Rff8 24. Rxd8 Rxd8 25. Rc1 Kf8 26. Rc8 Rxc8 27. Nxc8 a6 28. Nd3 Be2 29. Nf4 Nxf4 30. exf4 Ke8 31. Nd6+ Kd7 32. Nb7 Kc6 33. Nc5 Kd5 34. f3 Bc4 35. b3 Kxd4 36. Nd7 Bd3 37. Nf8 Kd5 38. Nxh7 Bb1 39. a3 Ba2 40. b4 Kc4 41. Nf8 Kb5 42. Nd7 Ka4 43. Nc5+ Kxa3 44. Nxa6 Bc4 45. Nc7 Kxb4 46. Ne8 g6 47. g4 Kc5 48. h4 Kc6 49. h5 gxh5 50. gxh5 e5 51. h6 Bf7 52. h7 Bxe8 53. h8Q exf4 54. Qxe8+ Kd5 55. Kf2 Kd4 56. Ke2 Kd5 57. Kd3 Kc5 58. Qe5+ Kc6 59. Kc4 Kd7 60. Kc5 Kd8 61. Kc6 Kc8 62. Qh8# 1-0